| 000 -LEADER |
| fixed length control field |
00532nam a2200181Ia 4500 |
| 001 - CONTROL NUMBER |
| control field |
14589 |
| 003 - CONTROL NUMBER IDENTIFIER |
| control field |
GE_BSU |
| 008 - FIXED-LENGTH DATA ELEMENTS--GENERAL INFORMATION |
| fixed length control field |
181216s||||||||xx |||||||||||||| ||und|| |
| 040 ## - CATALOGING SOURCE |
| Transcribing agency |
GE_BSU |
| 245 ## - TITLE STATEMENT |
| Title |
Иммунология.Том 35. №6.Ноябрь-Декабрь 2014 |
| 245 ## - TITLE STATEMENT |
| Statement of responsibility, etc. |
Глю.ред.ак. Р.М. Хаитов.Ред.Е.И.Константинова |
| 260 ## - PUBLICATION, DISTRIBUTION, ETC. |
| Place of publication, distribution, etc. |
Москва |
| 260 ## - PUBLICATION, DISTRIBUTION, ETC. |
| Name of publisher, distributor, etc. |
Медицина |
| 260 ## - PUBLICATION, DISTRIBUTION, ETC. |
| Date of publication, distribution, etc. |
2014 |
| 300 ## - PHYSICAL DESCRIPTION |
| Extent |
299-336стр.29см. |
| 653 ## - INDEX TERM--UNCONTROLLED |
| Uncontrolled term |
Иммунология. |
| 942 ## - ADDED ENTRY ELEMENTS (KOHA) |
| Koha item type |
პერიოდიკა |